• 首页
  • 本馆介绍
  • 公告通知
  • 最新文献
  • 馆藏检索
  • 电子资源
  • 读者导购
  • 参考咨询
  • 我的图书馆
  • 登录
  • 详细信息显示
  • 放入我的书架
  • 预约/预借图书
  • 作者相关作品
  • 分类相关作品
  • 丛书相关作品
  • 出版社相关作品

书目信息

  • 表格格式
  • 工作单格式
  • 卡片格式
题名:
建设法规
    
 
作者: 王照雯 , 王友国 , 车金枝 主编
分册:  
出版信息: 大连   大连理工大学出版社  2016
页数: 283页
开本: 26cm
丛书名:
单 册:
中图分类: D922.297.1
科图分类:
主题词: 建筑法--中国--高等教育--教材
电子资源:
ISBN: 978-7-5685-0417-1
000 00922nam0 2200265 450
001 0103965111
005 20170204165819.0
010    @a978-7-5685-0417-1@dCNY43.80
100    @a20160919d2016 em y0chiy0120 ea
101 0  @achi
102    @aCN@b210000
105    @ay z 000yy
106    @ar
200 1  @a建设法规@9Jian She Fa Gui @f王照雯,王友国,车金枝主编@b专著
210    @a大连@c大连理工大学出版社@d2016
215    @a283页@d26cm
300    @a新世纪普通高等教育土木工程类课程规划教材/李宏男总主编
330    @a本书包括建设法规基础知识、工程建设程序法规、建设许可法规、城乡规划法规、建设工程承发包法规、建设工程合同法规等内容。
606 0  @a建筑法@y中国@x高等教育@j教材
690    @aD922.297.1@v5
701  0 @a王照雯@4主编@9wang zhao wen
701  0 @a王友国@c(高等学校)@4主编@9wang you guo
701  0 @a车金枝@4主编@9che jin zhi
801  0 @aCN@bAZmarc@c20230903
905    @aBZT@dD922@e229@f3@sD922/229
    
    建设法规/王照雯,王友国,车金枝主编.-大连:大连理工大学出版社,2016
    283页;26cm
    新世纪普通高等教育土木工程类课程规划教材/李宏男总主编
    
    ISBN 978-7-5685-0417-1:CNY43.80
    本书包括建设法规基础知识、工程建设程序法规、建设许可法规、城乡规划法规、建设工程承发包法规、建设工程合同法规等内容。
●
相关链接 在五车中查询图书 在当当中查询图书 在豆瓣中查询图书


正题名:建设法规     索取号:D922/229         预约/预借

序号 登录号 条形码 馆藏地/架位号 状态 备注
1 2000012260   2000012260   旧书回溯/ [索取号:D922/229] 在馆    
2 2000012261   2000012261   旧书回溯/ [索取号:D922/229] 在馆    
3 2000012262   2000012262   旧书回溯/ [索取号:D922/229] 在馆    
山东省滨州职业学院图书馆 欢迎您!
大连网信软件有限公司© 版权所有